Top 20 Names: 1900 American Girls - Statistics

General Stats
  • This quiz has been taken 330 times
  • The average score is 9 of 20
Answer Stats
Hint Answer % Correct
1 Mary
90%
6 Elizabeth
89%
3 Anna
78%
11 Annie
78%
4 Margaret
66%
18 Rose
52%
13 Emma
47%
14 Alice
46%
10 Lillian
45%
2 Helen
44%
5 Ruth
43%
17 Grace
42%
9 Marie
39%
12 Edna
33%
7 Florence
30%
8 Ethel
29%
20 Mildred
26%
19 Clara
23%
16 Bertha
19%
15 Bessie
6%
No matching quizzes found
Score Distribution
Percent of People with Each Score
Percentile by Number Answered
Your Score History
You have not taken this quiz